000 00536 a2200097 4500
082 _a363.125 BLI
100 _aBliss, Tony
245 _aImplementing the Recommendations of the World Report on Road Traffic Injury Prevention Country Guidelines for the Conduct of Road Safety Management Capacity Reviews and the Specification of Lead Agency Reforms, Investment Strategies and Safe System Projects /
_cTony Bliss, Jeanne Breen
260 _aWashington :
_bThe World Bank Global Road Safety Facility,
_c2009
300 _axvi, 307p. :
_bill. ;
_c30 cm
650 _aRoad safety
999 _c2186
_d2186